00650nam a22002177a 4500003000500000005001700005008004100022010001100063011001100074035001100085040000900096082002200105100003200127245007200159260004100231300002500272500003000297650004000327650003800367650002700405CHAP20220329143742.0110606s1981 mx a r 00010 spa d a101423 a102395 a113083 cCHAP04a636.08097224bM361 aMartínez Balboa, Aurelio.13aLa ganaderia en Baja California Surc/por Aurelio Martínez Balboa aLa Paz, B.C.S. :bEl Autor,c[1981?] av. :bilus, gráfs. aLa biblioteca tiene : v.114aGanaderíaxAspectos económicos.14aGanaderíaxBaja California Sur.14aGanaderíaxHistoria.